Grandfather Twilight / (Record no. 3488)

MARC details
000 -LEADER
fixed length control field 00878cam a2200265 a 4500
005 - DATE AND TIME OF LATEST TRANSACTION
control field 20240312151639.0
020 ## - INTERNATIONAL STANDARD BOOK NUMBER
International Standard Book Number 0590450123
040 ## - CATALOGING SOURCE
Original cataloging agency DLC
Transcribing agency DLC
Modifying agency DLC
Language of cataloging eng
050 00 - LIBRARY OF CONGRESS CALL NUMBER
Classification number PZ7.B4513
Item number 1984
082 00 - DEWEY DECIMAL CLASSIFICATION NUMBER
Classification number 306.4
100 1# - MAIN ENTRY--PERSONAL NAME
Personal name Berger, Barbara
Dates associated with a name 1945 March 1-
245 10 - TITLE STATEMENT
Title Grandfather Twilight /
Statement of responsibility, etc. Barbara Berger
250 ## - EDITION STATEMENT
Edition statement First Scholastic printing , October 1991
260 ## - PUBLICATION, DISTRIBUTION, ETC.
Place of publication, distribution, etc. New York :
Name of publisher, distributor, etc. Scholastic ,
Date of publication, distribution, etc. 1984
300 ## - PHYSICAL DESCRIPTION
Extent 30 unnumbered pages :
Other physical details color illustrations ;
Dimensions 25 cm.
505 ## - FORMATTED CONTENTS NOTE
Formatted contents note G <br/>
520 ## - SUMMARY, ETC.
Summary, etc. At the day's end, Grandfather Twilight walks in the forest to perform his evening task, bringing the miracle of night to the world.
521 ## - TARGET AUDIENCE NOTE
Target audience note 350 <br/>
Source Lexile <br/>
521 ## - TARGET AUDIENCE NOTE
Target audience note G <br/>
Source Raz-Plus <br/>
650 #1 - SUBJECT ADDED ENTRY--TOPICAL TERM
Topical term or geographic name entry element Twilight
General subdivision Fiction
650 #1 - SUBJECT ADDED ENTRY--TOPICAL TERM
Topical term or geographic name entry element Night
General subdivision Fiction
906 ## - LOCAL DATA ELEMENT F, LDF (RLIN)
a 7
b cbc
c orignew
d 1
e ocip
f 19
g y-gencatlg
942 ## - ADDED ENTRY ELEMENTS (KOHA)
Source of classification or shelving scheme Dewey Decimal Classification
Koha item type Books
Suppress in OPAC No
999 ## -
-- 3488
-- 3488
Holdings
Withdrawn status Lost status Source of classification or shelving scheme Damaged status Not for loan Collection Home library Current library Shelving location Date acquired Total Checkouts Full call number Barcode Date last seen Price effective from Koha item type
    Dewey Decimal Classification     Juvenile Fiction Footprints International School Library Network Toul Kork Campus Footprints International School Library Network Toul Kork Campus   03/12/2024   BER 306.4 PZ7.B4513 FISBK072092 03/12/2024 03/12/2024 Books